مكتبة جامعة عجلون الوطنية

فهرس بحث المكتبة

Normal view MARC view
  • Romney، Marshall. B

Entry Personal Name

Number of records used in: 1

001 - CONTROL NUMBER

  • control field: 65016

003 - CONTROL NUMBER IDENTIFIER

  • control field: JO-AjAnu

005 - DATE AND TIME OF LATEST TRANSACTION

  • control field: 20231212085925.0

008 - FIXED-LENGTH DATA ELEMENTS

  • fixed length control field: 231212|| aca||aabn | a|a d

040 ## - CATALOGING SOURCE

  • Original cataloging agency: JO-AjAnu

100 ## - HEADING--PERSONAL NAME

  • Personal name: Romney، Marshall. B